000 00529 a2200169 4500
020 _a978-0-07-067075-4
041 _aEng
082 _a910/
_bH95e
_c2010
100 _aHusain, Majid
245 _aGeography: 3000 terms and concepts with detailed explanation
260 _aNew Delhi:
_bTata McGraw-Hill Education,
_c2010
300 _av.p. illus
504 _aIncludes references
650 _aCottage industry
_aHuman ecology
_aSoil moisture
_aLand
_aAtmospheric circulation
_aEcology
653 _aGeography
942 _2ddc
_cGEN
999 _c67105
_d67091